Normal view
MARC view
- Supervisor: Lt. Col. Dr. Muhammad Bilal Khurshid
Entry Personal Name
001 - CONTROL NUMBER
- control field: 127090
003 - CONTROL NUMBER IDENTIFIER
- control field: NUST
005 - DATE AND TIME OF LATEST TRANSACTION
- control field: 20241212103840.0
008 - FIXED-LENGTH DATA ELEMENTS
- fixed length control field: 241212|| aca||aabn | a|a d
040 ## - CATALOGING SOURCE
- Original cataloging agency: NUST
- Transcribing agency: NUST
100 ## - HEADING--PERSONAL NAME
- Personal name: Supervisor: Lt. Col. Dr. Muhammad Bilal Khurshid
670 ## - SOURCE DATA FOUND
- Source citation: Work cat.: (NUST)536180: Alvi, Yasar Saleem 31138, Analysis of Critical Success Factors of Design Build Projects in Pakistan /, 2014.
